000 00290nam a22001337a 4500
008 170524b xxu||||| |||| 00| 0 eng d
020 _a0805361030
041 _aeng
080 _22ND
_a621.3
100 _a26
101 _aIM
245 _aBIOENERGETICS
_cLEHNINGER, A.L
942 _2udc
_cBK
999 _c14173
_d14173